Historia de la literatura española : tomo 1 /

Guardado en:
Autor Principal: Valbuena Prat, Angel
Formato: Libro
Publicado: Barcelona : G. Gili, 1960
Edición:6a. ed.
Materias:
Etiquetas: Agregar Etiqueta
Sin Etiquetas, Sea el primero en etiquetar este registro!
LEADER 00590nam a22002055a 4500
001 CEM.cems006400
005 20060214000000.0
008 130507s1960##################000#0#####d
003 CEMS
082 0 4 |a 860.9 
100 1 |a Valbuena Prat, Angel 
245 1 0 |a Historia de la literatura española :  |b tomo 1 / 
250 |a 6a. ed. 
260 |a Barcelona :  |b G. Gili,  |c 1960 
653 |a Castellano-origen 
653 |a Literatura 
653 |a Literatura española 
653 |a Literatura española-historia 
653 |a Romances 
859 |a CEMS  |b BIB. CEMS - 11 de abril  |h 860.9  |i V249a6/I  |p 4288.75  |t Ej.1